LEADER 04546oam 2201069M 450 001 9910791734703321 005 20240102235754.0 010 $a1-78170-220-9 010 $a1-84779-294-4 024 7 $a10.7765/9781847792945 035 $a(OCoLC)818847394 035 $a(OCoLC)ocn818847394 035 $a(MiAaPQ)EBC1069636 035 $a(DE-B1597)659704 035 $a(DE-B1597)9781847792945 035 $a(CKB)2560000000085668 035 $a(EXLCZ)992560000000085668 100 $a20121120d2007 uy 0 101 0 $aeng 135 $aurunu|||||||| 181 $ctxt$2rdacontent 182 $cc$2rdamedia 183 $acr$2rdacarrier 200 10$aCultures of violence $elynching and racial killing in South Africa and the American South /$fIvan Evans 210 $aManchester $cManchester University Press$d2007 215 $a1 online resource (316 pages) 311 08$aPrint version: Evans, Ivan. Cultures of violence : Lynching and Racial Killing in South Africa and the American South. Manchester : Manchester University Press, ©2007 9780719079047 327 $a9780719078859; 9780719078859; Copyright; Contents; List of figures; Acknowledgements; Abbreviations; Introduction; 1. Women in eighteenth-century Methodism; 2. Women preachers' place in a divided Methodism; 3. The heyday of female itinerancy; 4. Philanthropists, volunteers, fund-raisers, and local preachers; 5. Women as Revivalists; 6. Women in missions at home and abroad; 7. Deaconesses, Sisters of the People, andthe revival of female itinerancy; Afterword; Bibliography; Index. 330 $aThis book deals with the inherent violence of?race relations? in two important countries that remain iconic expressions of white supremacy in the twentieth century. *Cultures of violence* does not just reconstruct the era of violence. Instead it convincingly contrasts the?lynch culture? of the American South to the?bureaucratic culture of violence? in South Africa. By contrasting mobs of rope-wielding white Southerners to the gun-toting policemen and administrators who formally defended white supremacy in South Africa, *Cultures of violence* employs racial killing as an optic for examining. 606 $aLynching$zSouthern States$xHistory 606 $aCrime and race$zSouth Africa$xHistory 606 $aDiscrimination in criminal justice administration$zSouthern States$xHistory 606 $aDiscrimination in criminal justice administration$zSouth Africa$xHistory 606 $aLynching$zSouth Africa$xHistory 606 $aViolence$xSocial aspects$zSouthern States$xHistory 606 $aViolence$xHistory$xSocial aspects$zSouth Africa 606 $aRacism$zSouthern States$xHistory 606 $aRacism$zSouth Africa$xHistory 606 $aRace discrimination$zSouthern States$xHistory 606 $aRace discrimination$zSouth Africa$xHistory 606 $aCrime and race$zSouthern States$xHistory 607 $aSouthern States$xRace relations 607 $aSouth Africa$xRace relations 610 $aAmerican South. 610 $aSouth Africa. 610 $abureaucratic culture. 610 $alynch culture. 610 $arace relations. 610 $aracial killing. 610 $aracial state. 610 $aracial violence. 610 $awhite Southerners. 610 $awhite supremacy. 615 0$aLynching$xHistory. 615 0$aCrime and race$xHistory. 615 0$aDiscrimination in criminal justice administration$xHistory. 615 0$aDiscrimination in criminal justice administration$xHistory. 615 0$aLynching$xHistory. 615 0$aViolence$xSocial aspects$xHistory. 615 0$aViolence$xHistory$xSocial aspects 615 0$aRacism$xHistory. 615 0$aRacism$xHistory. 615 0$aRace discrimination$xHistory. 615 0$aRace discrimination$xHistory. 615 0$aCrime and race$xHistory. 676 $a364.1523089 700 $aEvans$b Ivan Thomas$f1957-$01207229 801 0$bEBLCP 801 1$bEBLCP 801 2$bOCLCQ 801 2$bYDXCP 801 2$bOCLCQ 801 2$bDEBSZ 801 2$bOCLCQ 801 2$bXFH 801 2$bOCLCO 801 2$bOCLCF 801 2$bZCU 801 2$bOCLCA 801 2$bMERUC 801 2$bOCLCQ 801 2$bICG 801 2$bAU@ 801 2$bOCLCQ 801 2$bDKC 801 2$bOCLCQ 801 2$bHS0 801 2$bOCLCO 906 $aBOOK 912 $a9910791734703321 996 $aCultures of violence$93828547 997 $aUNINA LEADER 01439nam 2200385z- 450 001 9910689521003321 005 20161209102626.0 035 $a(CKB)5860000000029085 035 $a(BIP)008676302 035 $a(EXLCZ)995860000000029085 100 $a20220406c2002uuuu -u- - 101 0 $aeng 200 14$aThe new federal farm bill $efeed grains and oil seeds : hearing before the Committee on Agriculture, Nutrition, and Forestry, United States Senate, One Hundred Seventh Congress, first session, July 12, 2001 215 $a1 online resource (iii, 178 p.) $cill 311 $a0-16-069284-9 517 $aNew federal farm bill 606 $aAgricultural subsidies$xLaw and legislation$zUnited States 606 $aAgriculture and energy$zUnited States 606 $aGrain trade$xGovernment policy$zUnited States 606 $aOil industries$xGovernment policy$zUnited States 610 $aAgricultural subsidies 610 $aAgriculture and energy 610 $aGrain trade 610 $aOil industries 610 $aPolitical science 610 $aTechnology & engineering 610 $aBusiness & economics 615 0$aAgricultural subsidies$xLaw and legislation 615 0$aAgriculture and energy 615 0$aGrain trade$xGovernment policy 615 0$aOil industries$xGovernment policy 906 $aBOOK 912 $a9910689521003321 996 $aThe new federal farm bill$93133141 997 $aUNINA LEADER 01055nas 2200409 c 450 001 9910894328603321 005 20260218110052.0 011 $a2305-9672 035 $a(CKB)2660000000039905 035 $a(DE-101)1147642117 035 $a(DE-599)ZDB2913199-6 035 $a(DE-599)2913199-6 035 $a(EXLCZ)992660000000039905 100 $a20171201a20129999 |y | 101 0 $ager 135 $aur||||||||||| 181 $ctxt$2rdacontent 182 $cc$2rdamedia 183 $acr$2rdacarrier 200 00$aTheMA$eopen access research journal for theatre, music, arts 210 31$aWien$cHollitzer Wissenschaftsverlag$d[2012]- 215 $aOnline-Ressource 300 $aGesehen am 01. Dezember 2017 311 08$a2307-440X 517 $aTheMA 517 1 $aTheMa-Journal 608 $aZeitschrift$2gnd-content 676 $a070 676 $a792 676 $a780 801 0$b0355 801 1$bDE-101 801 2$b9001 906 $aJOURNAL 912 $a9910894328603321 996 $aTHEMA$9620891 997 $aUNINA